LEADER 00837nam0-22003011i-450- 001 990006919150403321 005 20010620 035 $a000691915 035 $aFED01000691915 035 $a(Aleph)000691915FED01 035 $a000691915 100 $a20010620d1935----km-y0itay50------ba 101 0 $ager 102 $aDE 105 $ay---m---001cy 200 1 $a<>Automobil als Wirtschaftsfaktor in der Scweiz$fMax Eggenberg 210 $aBern$aLeipzig$cP. Haupt$d1935 215 $a118 p.$d24 cm 328 $aDisseration 676 $a640$v20$zita 700 1$aEggenberg,$bMax$0239670 801 0$aIT$bUNINA$gRICA$2UNIMARC 901 $aBK 912 $a990006919150403321 952 $aDISSERTAZIONE R II 62$b2978$fFGBC 959 $aFGBC 996 $aAutomobil als Wirtschaftsfaktor in der Scweiz$9627389 997 $aUNINA LEADER 00840nam0-22002651i-450- 001 990006240710403321 005 20040531154548.0 035 $a000624071 035 $aFED01000624071 035 $a(Aleph)000624071FED01 035 $a000624071 100 $a20000112d1954----km-u0itay50------ba 105 $a--------00-yy 200 1 $aEsposto sulla situazione della Comunità all'inizio del 1954$fComunità europea del carbone e dell'acciaio 210 $a[S.l.]$cCECA$d1954 215 $a66 p.$d24 cm 676 $a341.750 6 710 02$aComunità europea del carbone e dell'acciaio$0337922 801 0$aIT$bUNINA$gRICA$2UNIMARC 901 $aBK 912 $a990006240710403321 952 $aXXII CECA 1 (5)$b43309$fFGBC 959 $aFGBC 996 $aEsposto sulla situazione della Comunità all'inizio del 1954$9636750 997 $aUNINA LEADER 01794oam 2200445M 450 001 9910716214403321 005 20200213070532.2 035 $a(CKB)5470000002519985 035 $a(OCoLC)1065841177 035 $a(OCoLC)995470000002519985 035 $a(EXLCZ)995470000002519985 100 $a20071213d1926 ua 0 101 0 $aeng 135 $aurcn||||||||| 181 $ctxt$2rdacontent 182 $cc$2rdamedia 183 $acr$2rdacarrier 200 10$aIndian tribes to present claims to Court of Claims. April 15, 1926. -- Committed to the Committee of the Whole House on the State of the Union and ordered to be printed 210 1$a[Washington, D.C.] :$c[U.S. Government Printing Office],$d1926. 215 $a1 online resource (5 pages) 225 1 $aHouse report / 69th Congress, 1st session. House ;$vno. 896 225 1 $a[United States congressional serial set ] ;$v[serial no. 8533] 300 $aBatch processed record: Metadata reviewed, not verified. Some fields updated by batch processes. 300 $aFDLP item number not assigned. 606 $aIndians of North America$xClaims 606 $aIndians of North America$xLand tenure 606 $aJurisdiction 608 $aLegislative materials.$2lcgft 615 0$aIndians of North America$xClaims. 615 0$aIndians of North America$xLand tenure. 615 0$aJurisdiction. 701 $aKnutson$b Harold$f1880-1953$pRepublican (MN)$01387993 801 0$bWYU 801 1$bWYU 801 2$bOCLCO 801 2$bOCLCQ 906 $aBOOK 912 $a9910716214403321 996 $aIndian tribes to present claims to Court of Claims. April 15, 1926. -- Committed to the Committee of the Whole House on the State of the Union and ordered to be printed$93492262 997 $aUNINA